Fr. Conceicao Rodrigues College of Engineering

Developing Business App with Open step (Record no. 21192)

MARC details
000 -LEADER
fixed length control field 00335nam a2200145Ia 4500
082 ## - DEWEY DECIMAL CLASSIFICATION NUMBER
Classification number 5.2
Item number GER
100 ## - MAIN ENTRY--PERSONAL NAME
Personal name Gervae/Nick/ Clark/Peter
245 ## - TITLE STATEMENT
Title Developing Business App with Open step
260 ## - PUBLICATION, DISTRIBUTION, ETC.
Name of publisher, distributor, etc. Springer
Place of publication, distribution, etc. NONE
Date of publication, distribution, etc. 1997
300 ## - PHYSICAL DESCRIPTION
Extent 289
546 ## - LANGUAGE NOTE
Language note ENGLISH
654 ## - SUBJECT ADDED ENTRY--FACETED TOPICAL TERMS
Focus term Developing business
942 ## - ADDED ENTRY ELEMENTS (KOHA)
Koha item type BOOK
Holdings
Withdrawn status Lost status Damaged status Not for loan Collection Home library Current library Date acquired Total Checkouts Full call number Barcode Date last seen Price effective from Koha item type
        CRC Fr. Agnel's C.Rodrigues College of Engineering Fr. Agnel's C.Rodrigues College of Engineering 17/03/2023   5.2 GER 10053 17/03/2023 17/03/2023 BOOK